[Event "Accademia Cup"]
[Site "Roma ITA"]
[Date "1997.??.??"]
[Round "?"]
[White "De Carolis, Massimo"]
[Black "Iatrino, Vincenzo"]
[Result "1-0"]
[WhiteElo "1666"]
[BlackElo "1971"]
[PlyCount "69"]
[EventDate "1997.??.??"]

1. e4 c5 2. Nf3 d6 3. d4 cxd4 4. Nxd4 Nf6 5. Nc3 Nc6 6. Be2 a6 7. a4 e6 8. O-O
Be7 9. Be3 Qc7 10. f4 O-O 11. Bf3 Bd7 12. Qd2 Rac8 13. Nxc6 Bxc6 14. a5 Qb8 15.
g4 Nd7 16. Kh1 Nc5 17. g5 Rfd8 18. f5 Nd7 19. fxe6 fxe6 20. Bg4 Nf8 21. Qf2 Be8
22. h4 Rc4 23. Be2 Rc6 24. Bd3 Nd7 25. Qf3 Ne5 26. Qh3 Bd7 27. h5 Nxd3 28. cxd3
Rcc8 29. g6 Bf6 30. gxh7+ Kxh7 31. Qg4 Be8 32. Rxf6 Rd7 33. Rg1 Qc7 34. Rf8
Qxa5 35. Rxe8 1-0

[Event "Accademia Cup"]
[Site "Roma ITA"]
[Date "1997.??.??"]
[Round "?"]
[White "De Carolis, Massimo"]
[Black "Scagliarini, Bruno"]
[Result "0-1"]
[WhiteElo "1666"]
[BlackElo "1728"]
[PlyCount "74"]
[EventDate "1997.??.??"]

1. e4 e6 2. d4 d5 3. Nc3 Bb4 4. e5 c5 5. a3 Bxc3+ 6. bxc3 Ne7 7. Nf3 Nbc6 8.
Bd3 Qa5 9. Bd2 Bd7 10. O-O f6 11. Re1 O-O-O 12. c4 Qc7 13. cxd5 exd5 14. exf6
gxf6 15. dxc5 Ne5 16. Nxe5 fxe5 17. Qe2 Nc6 18. Bb5 Rde8 19. Qd3 a6 20. Ba4 d4
21. f3 h5 22. c3 h4 23. Bxc6 Bxc6 24. cxd4 Rhg8 25. d5 Qg7 26. Qe2 Bxd5 27. Bc3
Qg6 28. Rad1 Qc6 29. Kh1 h3 30. Rxd5 hxg2+ 31. Kg1 Qxd5 32. Qe3 Ref8 33. Qxe5
Qxe5 34. Bxe5 Rxf3 35. Bg3 Rxa3 36. Re7 Raxg3 37. hxg3 Rxg3 0-1

[Event "Accademia Cup"]
[Site "Roma ITA"]
[Date "1997.??.??"]
[Round "?"]
[White "De Carolis, Maurizio"]
[Black "Marino, Giovanni"]
[Result "1/2-1/2"]
[WhiteElo "1570"]
[BlackElo "1869"]
[PlyCount "50"]
[EventDate "1997.??.??"]

1. d4 Nf6 2. Nf3 e6 3. e3 b6 4. b3 Bb4+ 5. c3 Be7 6. Bd3 Bb7 7. Nbd2 d5 8. Ne5
a6 9. Bb2 Nbd7 10. f4 Ne4 11. Nxe4 dxe4 12. Be2 c5 13. O-O O-O 14. a4 f5 15.
Bc4 Nxe5 16. dxe5 Bd5 17. Qe2 Bxc4 18. Qxc4 Qd5 19. Qxd5 exd5 20. Rfd1 Rad8 21.
Rd2 Kf7 22. Rad1 Ke6 23. Ba3 g5 24. g3 g4 25. h4 Rd7 1/2-1/2

[Event "Accademia Cup"]
[Site "Roma ITA"]
[Date "1997.??.??"]
[Round "?"]
[White "De Carolis, Maurizio"]
[Black "Perotti, Germano"]
[Result "1/2-1/2"]
[WhiteElo "1570"]
[BlackElo "1717"]
[PlyCount "71"]
[EventDate "1997.??.??"]

1. d4 Nf6 2. Nf3 g6 3. Bf4 Bg7 4. e3 c5 5. c3 d6 6. Bd3 O-O 7. Nbd2 Nbd7 8. h3
e5 9. Bh2 Re8 10. Qc2 Qe7 11. dxe5 Nxe5 12. Nxe5 dxe5 13. O-O Nd5 14. Rfe1 Bd7
15. a4 a6 16. Bc4 Be6 17. Qb3 Rad8 18. Rad1 Rd7 19. f4 Red8 20. Ne4 Kh8 21. Ng5
Bh6 22. e4 Nxf4 23. Rxd7 Rxd7 24. Nxe6 Nxe6 25. Bxe5+ Bg7 26. Bxe6 Qxe6 27.
Qxe6 fxe6 28. Bf4 Kg8 29. Rf1 c4 30. g4 Bf8 31. Kg2 Be7 32. Rf2 Kg7 33. Rd2
Rxd2+ 34. Bxd2 Bd6 35. Kf3 Kf6 36. Be3 1/2-1/2

[Event "Accademia Cup"]
[Site "Roma ITA"]
[Date "1997.??.??"]
[Round "?"]
[White "De Carolis, Maurizio"]
[Black "Simeoni, Matteo"]
[Result "0-1"]
[WhiteElo "1570"]
[BlackElo "1797"]
[PlyCount "62"]
[EventDate "1997.??.??"]

1. d4 f5 2. Nf3 Nf6 3. Bg5 e6 4. Nbd2 Be7 5. Bxf6 Bxf6 6. e4 fxe4 7. Nxe4 O-O
8. Bd3 Qe8 9. Qe2 Nc6 10. c3 Ne7 11. Nxf6+ Rxf6 12. O-O-O a6 13. h4 Qh5 14.
Rdg1 Rb8 15. g4 Qd5 16. Ne5 b5 17. g5 Rf5 18. Rh3 b4 19. Bxf5 Nxf5 20. Rg4 Qxa2
21. c4 a5 22. Rf4 Ba6 23. Qh5 Rf8 24. g6 h6 25. d5 b3 26. Nd3 a4 27. Rhf3 a3
28. Rxf5 axb2+ 29. Kd2 b1=Q+ 30. Ke3 exf5 31. Rxf5 Qxd3+ 0-1

[Event "Accademia Cup"]
[Site "Roma ITA"]
[Date "1997.??.??"]
[Round "?"]
[White "Di Giulio, Michele"]
[Black "Berrino, Umberto"]
[Result "0-1"]
[WhiteElo "1615"]
[BlackElo "1672"]
[PlyCount "80"]
[EventDate "1997.??.??"]

1. e4 Nf6 2. Nc3 d5 3. e5 Nfd7 4. d4 e6 5. Nce2 c5 6. c3 Nc6 7. Be3 Qa5 8. Qd2
cxd4 9. cxd4 Bb4 10. Nc3 a6 11. Bd3 b5 12. Nge2 Nb6 13. b3 Nd7 14. O-O Bb7 15.
Rac1 Rc8 16. f4 Ne7 17. f5 exf5 18. Bxf5 Nxf5 19. Rxf5 O-O 20. Qd3 Rc7 21. Rh5
g6 22. Rh3 Rfc8 23. Bd2 Nf8 24. Qf3 Bxc3 25. Nxc3 b4 26. Bh6 Rxc3 27. Rxc3 bxc3
28. Qf6 Ne6 29. Rf3 Qc7 30. h4 c2 31. Bc1 Nxd4 32. h5 Nxf3+ 33. gxf3 Qd8 34.
Qh4 d4 35. hxg6 hxg6 36. Qg4 d3 37. e6 Qb6+ 38. Kf1 Qxe6 39. Qg2 Re8 40. Qd2
Qh3+ 0-1

[Event "Accademia Cup"]
[Site "Roma ITA"]
[Date "1997.??.??"]
[Round "?"]
[White "Di Giulio, Michele"]
[Black "Ciotoli, Patrizio"]
[Result "1-0"]
[WhiteElo "1615"]
[BlackElo "1956"]
[PlyCount "67"]
[EventDate "1997.??.??"]

1. e4 d5 2. exd5 Qxd5 3. Nc3 Qa5 4. d4 Nf6 5. Bd2 c6 6. Ne4 Qd5 7. Nxf6+ exf6
8. Nf3 Bg4 9. c4 Qe4+ 10. Qe2 Bxf3 11. gxf3 Qxe2+ 12. Bxe2 Bd6 13. O-O-O Nd7
14. Be3 O-O 15. d5 Rfc8 16. dxc6 Rxc6 17. Kb1 Nb6 18. Rxd6 Rxd6 19. c5 Re6 20.
cxb6 axb6 21. Rd1 Rc8 22. Rd7 g5 23. Rxb7 f5 24. Rxb6 Re7 25. Rb5 f4 26. Rxg5+
Kf8 27. Bc5 Rxc5 28. Rxc5 Rxe2 29. b4 Rxf2 30. b5 Rxh2 31. b6 Rh6 32. Rb5 Rh1+
33. Kc2 Rh2+ 34. Kd3 1-0

[Event "Accademia Cup"]
[Site "Roma ITA"]
[Date "1997.??.??"]
[Round "?"]
[White "Di Giulio, Michele"]
[Black "Pantano, Fulvio"]
[Result "0-1"]
[WhiteElo "1615"]
[BlackElo "1636"]
[PlyCount "42"]
[EventDate "1997.??.??"]

1. e4 Nf6 2. Nc3 e5 3. Nf3 Nc6 4. Bc4 Nxe4 5. Nxe4 d5 6. Bxd5 Qxd5 7. Nc3 Qd8
8. d3 Be7 9. Be3 O-O 10. d4 Bf6 11. Ne4 Bg4 12. d5 Nd4 13. Nxf6+ Qxf6 14. Bxd4
exd4 15. Qxd4 Rfe8+ 16. Kf1 Qxd4 17. Nxd4 Rad8 18. Nb5 Be2+ 19. Kg1 Bxb5 20.
Rd1 Rxd5 21. Rc1 Rd2 0-1

[Event "Accademia Cup"]
[Site "Roma ITA"]
[Date "1997.??.??"]
[Round "?"]
[White "Di Giulio, Michele"]
[Black "Petruccioli, Antonio"]
[Result "0-1"]
[WhiteElo "1615"]
[BlackElo "1926"]
[PlyCount "112"]
[EventDate "1997.??.??"]

1. e4 c5 2. Nf3 a6 3. d4 cxd4 4. Nxd4 Nf6 5. Nc3 e5 6. Nb3 Bb4 7. Bd3 d5 8.
exd5 Qxd5 9. O-O Bxc3 10. bxc3 O-O 11. f3 Nc6 12. Re1 b5 13. Nd2 Qc5+ 14. Kh1
Qxc3 15. Rb1 Qc5 16. Bb2 Be6 17. Ra1 Rfe8 18. Ne4 Nxe4 19. Bxe4 Rad8 20. Qe2 f6
21. Bxc6 Qxc6 22. Rad1 Bxa2 23. Rxd8 Rxd8 24. Rd1 Rc8 25. Rd2 Bf7 26. Qd1 Be6
27. Rd8+ Rxd8 28. Qxd8+ Kf7 29. Qd2 Bf5 30. c3 a5 31. Kg1 Qc5+ 32. Kf1 Qc4+ 33.
Kf2 Qh4+ 34. Kg1 h5 35. Qd5+ Ke7 36. Qxb5 Qe1+ 37. Qf1 Qd2 38. Qc1 Qxc1+ 39.
Bxc1 Bd3 40. Kf2 f5 41. h4 f4 42. g3 fxg3+ 43. Kxg3 Ke6 44. Kf2 Kd5 45. Ke3 Kc4
46. Kd2 Bf5 47. Ba3 g5 48. Be7 g4 49. fxg4 hxg4 50. Bf6 Kd5 51. h5 g3 52. Bh4
g2 53. Bf2 Kc4 54. h6 a4 55. Kc1 Kxc3 56. Bc5 a3 0-1

[Event "Accademia Cup"]
[Site "Roma ITA"]
[Date "1997.??.??"]
[Round "?"]
[White "Failli, Riccardo"]
[Black "Andreozzi, Franco"]
[Result "1-0"]
[WhiteElo "1699"]
[BlackElo "1555"]
[PlyCount "99"]
[EventDate "1997.??.??"]

1. e4 e5 2. Nf3 Nf6 3. Nc3 d6 4. d3 Be7 5. g3 c6 6. Bg2 O-O 7. O-O h6 8. h3 Be6
9. Be3 Nbd7 10. Qd2 d5 11. exd5 cxd5 12. d4 e4 13. Ne5 Nh7 14. f3 exf3 15. Nxf3
Qc7 16. Ne2 Ndf6 17. Ne5 Bd6 18. Bf4 Rad8 19. Nd3 Nh5 20. Kh2 Nxf4 21. Ndxf4
Be7 22. Qe3 Rd6 23. Nc3 Bg5 24. Nb5 Qd7 25. Nxd6 Qxd6 26. Qe5 Qd7 27. Nxe6 fxe6
28. Rae1 Re8 29. Bxd5 Nf8 30. Bb3 Bf6 31. Rxf6 gxf6 32. Qxf6 Kh7 33. c3 Qg7 34.
Qxg7+ Kxg7 35. Re5 a6 36. g4 Kf6 37. Kg3 Nd7 38. Re2 Nb8 39. d5 e5 40. c4 Rg8
41. Rf2+ Ke7 42. c5 Rg7 43. Rf5 Nd7 44. c6 bxc6 45. dxc6 Nb6 46. Rxe5+ Kd6 47.
Re6+ Kc7 48. Rxh6 Nc8 49. Bd5 Na7 50. a4 1-0

[Event "Accademia Cup"]
[Site "Roma ITA"]
[Date "1997.??.??"]
[Round "?"]
[White "Failli, Riccardo"]
[Black "Marino, Danilo"]
[Result "0-1"]
[WhiteElo "1699"]
[BlackElo "1881"]
[PlyCount "76"]
[EventDate "1997.??.??"]

1. e4 c5 2. Nf3 d6 3. d4 cxd4 4. Nxd4 Nf6 5. Nc3 g6 6. Be3 Bg7 7. f3 O-O 8. Qd2
Nc6 9. g4 e5 10. Nxc6 bxc6 11. O-O-O Qa5 12. Qxd6 Be6 13. Qc5 Qc7 14. Rd6 Rfc8
15. Ba6 Bf8 16. Rhd1 Ne8 17. Bxc8 Rxc8 18. Rxe6 Bxc5 19. Rxe8+ Rxe8 20. Bxc5
Rd8 21. Rg1 Qa5 22. Ba3 Qb6 23. Rf1 Qe3+ 24. Kb1 Rd2 25. h4 Qf4 26. h5 Qh2 27.
hxg6 fxg6 28. f4 Rf2 29. Rd1 Rxf4 30. Bc5 Qg2 31. Bxa7 Rf1 32. Kc1 Rxd1+ 33.
Kxd1 Qxg4+ 34. Kc1 h5 35. a4 h4 36. Bb8 Qf4+ 37. Kb1 h3 38. a5 h2 0-1

[Event "Accademia Cup"]
[Site "Roma ITA"]
[Date "1997.??.??"]
[Round "?"]
[White "Failli, Riccardo"]
[Black "Russo, Massimiliano"]
[Result "1-0"]
[WhiteElo "1699"]
[BlackElo "1576"]
[PlyCount "79"]
[EventDate "1997.??.??"]

1. e4 c5 2. Nf3 Nc6 3. d4 cxd4 4. Nxd4 Nf6 5. Nc3 a6 6. a4 e6 7. g3 Bb4 8. Bg2
d5 9. Nxc6 bxc6 10. exd5 cxd5 11. O-O Bxc3 12. bxc3 Qc7 13. Qd4 O-O 14. Bf4 Qa7
15. Be3 Qxd4 16. cxd4 Bd7 17. c4 Rab8 18. c5 Rb4 19. a5 Ng4 20. Rfc1 Nxe3 21.
fxe3 Bb5 22. Rcb1 Rxb1+ 23. Rxb1 Re8 24. Bf1 Bxf1 25. Kxf1 Kf8 26. Rb6 Ra8 27.
Rb7 Ke8 28. Kf2 e5 29. dxe5 Rc8 30. Rb6 Rxc5 31. Rxa6 Kd8 32. h4 Kc8 33. Ra7
Rc7 34. Rxc7+ Kxc7 35. Ke2 Kc6 36. Kd3 Kb5 37. Kd4 Kxa5 38. Kxd5 Kb5 39. e6
fxe6+ 40. Kxe6 1-0

[Event "Accademia Cup"]
[Site "Roma ITA"]
[Date "1997.??.??"]
[Round "?"]
[White "Fanciulli, Gianluca"]
[Black "Corinthios, Raimondo"]
[Result "0-1"]
[WhiteElo "1564"]
[BlackElo "1510"]
[PlyCount "94"]
[EventDate "1997.??.??"]

1. d4 Nf6 2. c4 e6 3. Nc3 Bb4 4. a3 Bxc3+ 5. bxc3 O-O 6. Nf3 b6 7. Bg5 Bb7 8.
e3 d5 9. cxd5 Bxd5 10. Bd3 h6 11. Bxf6 Qxf6 12. e4 Bb7 13. Ne5 Rd8 14. O-O c5
15. Qf3 cxd4 16. cxd4 Rxd4 17. Qg3 Bxe4 18. Bxe4 Rxe4 19. Nf3 Nd7 20. Rac1 Nc5
21. Rc2 Rd8 22. Qc7 Rd7 23. Qc8+ Rd8 24. Qc7 Ra4 25. Ne5 Rxa3 26. Nc6 Rd7 27.
Qc8+ Kh7 28. Rxc5 Rd2 29. Rcc1 Raa2 30. Nb4 Rab2 31. Rc2 a5 32. Rxd2 Rxd2 33.
Qc4 axb4 34. Qxb4 Rb2 35. Qe4+ Qg6 36. Qd4 Rb1 37. g3 Rxf1+ 38. Kxf1 Qb1+ 39.
Kg2 b5 40. Kf3 b4 41. Qe4+ Qxe4+ 42. Kxe4 Kg6 43. Kd3 Kf5 44. f3 e5 45. Kc4 e4
46. fxe4+ Kxe4 47. Kxb4 Kf3 0-1

[Event "Accademia Cup"]
[Site "Roma ITA"]
[Date "1997.??.??"]
[Round "?"]
[White "Fanciulli, Gianluca"]
[Black "Moroni, Marco"]
[Result "0-1"]
[WhiteElo "1564"]
[BlackElo "1785"]
[PlyCount "102"]
[EventDate "1997.??.??"]

1. d4 d5 2. c4 e5 3. dxe5 d4 4. Nf3 Nc6 5. g3 Bb4+ 6. Bd2 Bxd2+ 7. Nbxd2 Bg4 8.
Bg2 Nge7 9. O-O O-O 10. Nb3 Bxf3 11. Bxf3 Nxe5 12. Qxd4 Qxd4 13. Nxd4 Nxc4 14.
Bxb7 Rab8 15. Ba6 Nxb2 16. e3 c5 17. Nc2 Rb6 18. Be2 Rd8 19. Na3 Rd2 20. Bc4
Nc6 21. Rfc1 Ne5 22. Bf1 Ned3 23. Bxd3 Nxd3 24. Rc2 Rxc2 25. Nxc2 Rb2 26. Rd1
Rxc2 27. Rxd3 Kf8 28. Rd5 a5 29. a4 Rc4 30. f3 Ke7 31. g4 Ke6 32. e4 Rc2 33.
Kf1 g6 34. Rd8 Rc4 35. Rc8 Kd6 36. Ke1 Rxa4 37. Kd2 Ra2+ 38. Kc3 Rxh2 39. Rd8+
Ke6 40. Ra8 Rh3 41. Rxa5 Rxf3+ 42. Kc4 Rf4 43. Kd3 c4+ 44. Ke3 Rxg4 45. Ra6+
Ke7 46. Ra7+ Kf8 47. Kf3 Rg5 48. Rc7 h5 49. Rxc4 Kg7 50. Kf4 Rg1 51. e5 Rg4+
0-1

[Event "Accademia Cup"]
[Site "Roma ITA"]
[Date "1997.??.??"]
[Round "?"]
[White "Fanciulli, Gianluca"]
[Black "Pasqualucci, Colombo"]
[Result "0-1"]
[WhiteElo "1564"]
[BlackElo "1800"]
[PlyCount "70"]
[EventDate "1997.??.??"]

1. d4 Nf6 2. c4 e5 3. dxe5 Ng4 4. Nf3 Nc6 5. e6 fxe6 6. Bg5 Be7 7. Bxe7 Qxe7 8.
e3 O-O 9. h3 Nge5 10. Nxe5 Nxe5 11. Be2 b6 12. Nd2 Bb7 13. O-O Qg5 14. e4 Rf6
15. Nf3 Nxf3+ 16. Bxf3 Raf8 17. Kh1 Qh4 18. Kh2 Bxe4 19. Bxe4 Qxe4 20. f3 Qf4+
21. Kh1 d6 22. b3 Rg6 23. Qe2 Rf5 24. Qe4 Qxe4 25. fxe4 Rxf1+ 26. Rxf1 Rf6 27.
Rf3 Rxf3 28. gxf3 Kf7 29. Kg2 Kf6 30. Kf2 Kg5 31. Kg3 e5 32. h4+ Kh5 33. Kh3 g5
34. hxg5 Kxg5 35. Kg3 h5 0-1

[Event "Accademia Cup"]
[Site "Roma ITA"]
[Date "1997.??.??"]
[Round "?"]
[White "Fanciulli, Gianluca"]
[Black "Placchetta, Omero"]
[Result "1-0"]
[WhiteElo "1564"]
[BlackElo "1477"]
[PlyCount "125"]
[EventDate "1997.??.??"]

1. d4 e5 2. dxe5 Nc6 3. Nf3 Qe7 4. e3 Nxe5 5. Nxe5 Qxe5 6. Qd4 Qxd4 7. exd4 d5
8. Bf4 c6 9. Bd3 Nf6 10. h3 Be6 11. Nd2 Nd7 12. c3 Be7 13. O-O O-O 14. Rfe1
Rfe8 15. Nf3 h6 16. Ne5 Nxe5 17. Bxe5 Rad8 18. Re2 Bd6 19. Rae1 Bxe5 20. Rxe5
Bd7 21. f4 Kf8 22. Kf2 Rxe5 23. fxe5 Ke7 24. Re3 Rf8 25. Kg3 g5 26. Be2 Bf5 27.
Bg4 Bg6 28. Rf3 h5 29. Bf5 Rg8 30. Kf2 h4 31. Bxg6 Rxg6 32. g3 g4 33. Rf4 hxg3+
34. Kxg3 gxh3+ 35. Kxh3 Rg1 36. Rf2 Rg6 37. Kh4 b6 38. b4 a6 39. a4 b5 40. axb5
cxb5 41. Rf3 Rc6 42. Kg5 Rg6+ 43. Kf4 f6 44. Ke3 fxe5 45. dxe5 Rg4 46. Rf6 Re4+
47. Kd3 Rxe5 48. Rxa6 Re6 49. Ra7+ Kd6 50. Rb7 Kc6 51. Rb8 Re7 52. Rc8+ Rc7 53.
Rh8 Kb6 54. Rh5 Rd7 55. Kd4 Kc6 56. Rh6+ Rd6 57. Rh8 Kc7 58. Rh7+ Kc6 59. Ke5
Rg6 60. Rf7 Rd6 61. Ra7 Rd7 62. Rxd7 Kxd7 63. Kxd5 1-0

[Event "Accademia Cup"]
[Site "Roma ITA"]
[Date "1997.??.??"]
[Round "?"]
[White "Fantazzini, Massimiliano"]
[Black "Farina, Saverio"]
[Result "0-1"]
[WhiteElo "1753"]
[BlackElo "2170"]
[PlyCount "70"]
[EventDate "1997.??.??"]

1. c4 e6 2. Nf3 d5 3. b3 c5 4. e3 Nc6 5. Bb2 d4 6. exd4 cxd4 7. d3 e5 8. Be2
Bb4+ 9. Kf1 Nge7 10. Qc1 O-O 11. a3 Bd6 12. h4 Ng6 13. Nbd2 Nf4 14. Qc2 Bg4 15.
Re1 Qd7 16. b4 Rae8 17. Nb3 Qf5 18. b5 Nd8 19. c5 Bc7 20. Bc1 Nde6 21. c6 b6
22. Rd1 h5 23. a4 Rd8 24. Ng1 Qg6 25. Bxg4 Qxg4 26. g3 Nd5 27. Re1 f5 28. Ba3
Rf7 29. Qc4 f4 30. Re4 Qd1+ 31. Kg2 fxg3 32. Kxg3 Nef4 33. Rxf4 Nxf4 34. Rh3
Qg4+ 35. Kh2 Qg2# 0-1

[Event "Accademia Cup"]
[Site "Roma ITA"]
[Date "1997.??.??"]
[Round "?"]
[White "Fantazzini, Massimiliano"]
[Black "Melega, Gianluigi"]
[Result "1/2-1/2"]
[WhiteElo "1753"]
[BlackElo "1513"]
[PlyCount "116"]
[EventDate "1997.??.??"]

1. c4 f5 2. Nf3 Nf6 3. b3 e6 4. Bb2 Be7 5. e3 c6 6. Be2 d5 7. O-O c5 8. cxd5
exd5 9. d4 O-O 10. dxc5 Bxc5 11. Nc3 Nc6 12. Rc1 Bb6 13. Nb5 a6 14. Nbd4 Nxd4
15. Bxd4 Bxd4 16. Qxd4 Bd7 17. Rc2 Rc8 18. Rfc1 Rxc2 19. Rxc2 b5 20. Ne5 Be8
21. Bd3 g6 22. Qa7 Qd6 23. Nf3 Rf7 24. Qc5 Qb8 25. b4 h6 26. g3 Kh7 27. Nd4 Qe5
28. Qc8 Ng4 29. Qe6 Qxe6 30. Nxe6 Ne5 31. Be2 Nc4 32. Bf3 Rd7 33. Nc5 Rd6 34.
Nb3 g5 35. Nd4 Kg6 36. Be2 g4 37. Bd3 Bd7 38. Kg2 h5 39. Ne2 Kg5 40. Nf4 d4 41.
exd4 Rxd4 42. h4+ gxh3+ 43. Nxh3+ Kf6 44. Be2 h4 45. Bf3 hxg3 46. Kxg3 Nd2 47.
Bc6 Rg4+ 48. Kh2 Rd4 49. Bxd7 Rxd7 50. Rc6+ Ke5 51. Rxa6 Rd4 52. a4 Rxb4 53.
axb5 Rxb5 54. Ng5 Kf4 55. Ne6+ Kg4 56. Ra4+ Kh5 57. Nf4+ Kg5 58. Nh3+ Kf6
1/2-1/2

[Event "Accademia Cup"]
[Site "Roma ITA"]
[Date "1997.??.??"]
[Round "?"]
[White "Fantazzini, Massimiliano"]
[Black "Pezzaldi, Roberto"]
[Result "1-0"]
[WhiteElo "1753"]
[BlackElo "2105"]
[PlyCount "93"]
[EventDate "1997.??.??"]

1. c4 e6 2. b3 f5 3. Bb2 Nf6 4. e3 b6 5. Be2 Bb7 6. Bh5+ g6 7. Bf3 Nc6 8. Nc3
Bg7 9. d4 O-O 10. Nh3 Na5 11. Bxb7 Nxb7 12. Ba3 Re8 13. Qf3 Nd6 14. Bxd6 cxd6
15. Rc1 a6 16. O-O Rb8 17. a4 Ng4 18. Rfd1 Qh4 19. Qg3 Qe7 20. Nf4 g5 21. Nh5
Bh8 22. h3 Nh6 23. Nf4 Kf7 24. Nd3 Bf6 25. Nb4 Ra8 26. Qf3 g4 27. hxg4 Nxg4 28.
Ne2 Rg8 29. Nd3 h5 30. c5 bxc5 31. dxc5 Rab8 32. cxd6 Qxd6 33. Ndf4 Qe7 34. Rc7
Rgd8 35. e4 Qb4 36. exf5 Qxb3 37. fxe6+ Kg8 38. Qxb3 Rxb3 39. Rcxd7 Re8 40. g3
h4 41. Kg2 hxg3 42. Nxg3 Rb4 43. Nd5 Rxa4 44. Nc7 Rxe6 45. Nxe6 Ra2 46. R1d2
Ra4 47. Nh5 1-0

[Event "Accademia Cup"]
[Site "Roma ITA"]
[Date "1997.??.??"]
[Round "?"]
[White "Fantazzini, Massimiliano"]
[Black "Tosoni, Augusto"]
[Result "1/2-1/2"]
[WhiteElo "1753"]
[BlackElo "2056"]
[PlyCount "96"]
[EventDate "1997.??.??"]

1. c4 e6 2. g3 d5 3. b3 Nf6 4. Bg2 Be7 5. Nf3 O-O 6. Bb2 c5 7. e3 Nc6 8. O-O
Rb8 9. Nc3 d4 10. exd4 cxd4 11. Nb5 e5 12. Qb1 Re8 13. Ng5 Qa5 14. a4 a6 15.
Na3 Qxd2 16. Bc1 Qa5 17. Ne4 g6 18. Bd2 Qc7 19. Nxf6+ Bxf6 20. b4 Bf5 21. Be4
Bxe4 22. Qxe4 Bg7 23. Rac1 f5 24. Qd5+ Kh8 25. b5 Rbd8 26. Qg2 Ne7 27. c5 Nd5
28. c6 e4 29. Bg5 Rc8 30. cxb7 Qxb7 31. Nc4 Rxc4 32. Rxc4 axb5 33. axb5 Qxb5
34. Rfc1 Nc3 35. R4xc3 dxc3 36. Qf1 Qxf1+ 37. Kxf1 Rc8 38. Ke2 Bd4 39. Be3 Bxe3
40. Kxe3 Kg7 41. g4 Kf6 42. gxf5 gxf5 43. Ke2 c2 44. f3 Rc4 45. h4 h5 46. fxe4
fxe4 47. Ke3 Ke5 48. Rxc2 48... Rd4 {...} 1/2-1/2

[Event "Accademia Cup"]
[Site "Roma ITA"]
[Date "1997.??.??"]
[Round "?"]
[White "Farina, Saverio"]
[Black "Failli, Riccardo"]
[Result "1-0"]
[WhiteElo "2170"]
[BlackElo "1699"]
[PlyCount "51"]
[EventDate "1997.??.??"]

1. d4 f5 2. c4 Nf6 3. Nc3 g6 4. h4 Bg7 5. h5 d6 6. hxg6 hxg6 7. Rxh8+ Bxh8 8.
Nf3 c6 9. Bg5 Qa5 10. Qd2 Bd7 11. Bxf6 Bxf6 12. Qh6 Qb4 13. Qxg6+ Kd8 14. Qg8+
Kc7 15. O-O-O a5 16. c5 a4 17. a3 Qb3 18. cxd6+ exd6 19. Qg6 Qe6 20. d5 Qe7 21.
Nd4 Bxd4 22. Rxd4 c5 23. Rf4 b5 24. e3 c4 25. g4 b4 26. Rxc4+ 1-0

[Event "Accademia Cup"]
[Site "Roma ITA"]
[Date "1997.??.??"]
[Round "?"]
[White "Farina, Saverio"]
[Black "Gardon, Ermanno"]
[Result "1-0"]
[WhiteElo "2170"]
[BlackElo "1683"]
[PlyCount "75"]
[EventDate "1997.??.??"]

1. d4 d5 2. c4 e6 3. Nc3 Nf6 4. Bg5 Nbd7 5. Nf3 Be7 6. Qc2 O-O 7. O-O-O Re8 8.
e4 dxe4 9. Nxe4 Nxe4 10. Bxe7 Qxe7 11. Qxe4 Nf6 12. Qh4 Rd8 13. Bd3 g6 14. Ng5
c5 15. Nxh7 Nd5 16. Qh6 Nf4 17. Ng5 f6 18. Ne4 Nxd3+ 19. Rxd3 Qg7 20. Qxg7+
Kxg7 21. Nxc5 b6 22. Ne4 Bb7 23. f3 Rac8 24. b3 b5 25. c5 Bxe4 26. fxe4 Rxc5+
27. dxc5 Rxd3 28. Kc2 Rd7 29. Rd1 Rc7 30. b4 Kf7 31. Rd3 Kf8 32. Rd8+ Kf7 33.
h4 e5 34. g4 Ke6 35. Rd6+ Ke7 36. h5 gxh5 37. gxh5 Kf7 38. c6 1-0

[Event "Accademia Cup"]
[Site "Roma ITA"]
[Date "1997.??.??"]
[Round "?"]
[White "Farina, Saverio"]
[Black "Marino, Danilo"]
[Result "1-0"]
[WhiteElo "2170"]
[BlackElo "1881"]
[PlyCount "105"]
[EventDate "1997.??.??"]

1. d4 Nf6 2. c4 c5 3. e3 g6 4. Nc3 Bg7 5. Nf3 O-O 6. Be2 d6 7. O-O b6 8. b3 Bb7
9. Bb2 Nbd7 10. Rc1 Qc7 11. Nb5 Qb8 12. d5 a6 13. Nc3 b5 14. Qc2 Nb6 15. Ne4
Nxe4 16. Bxg7 Kxg7 17. Qxe4 e6 18. Rfd1 Re8 19. Qf4 exd5 20. h4 Re4 21. Qg3 Qd8
22. Ng5 Re5 23. f4 Re8 24. h5 Qe7 25. Kf2 h6 26. Nh3 d4 27. Rc2 Qe4 28. Bd3
Qxe3+ 29. Qxe3 Rxe3 30. cxb5 axb5 31. Bxb5 Nd5 32. Bc4 Nc3 33. Ra1 Be4 34. Rb2
d5 35. Bf1 Re8 36. a4 Bf5 37. a5 Bd3 38. a6 Ra8 39. Bxd3 Rxd3 40. Kg1 Rd1+ 41.
Rxd1 Nxd1 42. Ra2 Nc3 43. Ra1 Kf6 44. hxg6 fxg6 45. Nf2 Ne2+ 46. Kf1 Nxf4 47.
g3 Ne6 48. Ke2 Kf5 49. Ra5 Ng5 50. Rxc5 Ke5 51. Ra5 Ne4 52. Nxe4 Kxe4 53. b4
1-0

[Event "Accademia Cup"]
[Site "Roma ITA"]
[Date "1997.??.??"]
[Round "?"]
[White "Farina, Saverio"]
[Black "Petruccioli, Antonio"]
[Result "0-1"]
[WhiteElo "2170"]
[BlackElo "1926"]
[PlyCount "54"]
[EventDate "1997.??.??"]

1. d4 d5 2. c4 c6 3. Nc3 Nf6 4. Bg5 dxc4 5. e4 b5 6. e5 Nd5 7. a4 Nxc3 8. bxc3
h6 9. Bd2 e6 10. Qg4 Nd7 11. Qe4 Nb6 12. Qxc6+ Bd7 13. Qe4 Nxa4 14. Nf3 Rc8 15.
Be2 Bc6 16. Qg4 Qd5 17. Qh5 g6 18. Qh3 Qe4 19. Rg1 b4 20. Ng5 hxg5 21. Qxh8
Nxc3 22. Bxc3 bxc3 23. Qf6 c2 24. Qxg5 Qxd4 25. Qc1 Bb4+ 26. Kf1 Bd2 27. Qa3
Qxa1+ 0-1

[Event "Accademia Cup"]
[Site "Roma ITA"]
[Date "1997.??.??"]
[Round "?"]
[White "Franchi, Jose' Maria"]
[Black "Andreozzi, Franco"]
[Result "0-1"]
[WhiteElo "1846"]
[BlackElo "1555"]
[PlyCount "66"]
[EventDate "1997.??.??"]

1. d4 c6 2. Nf3 Nf6 3. Bg5 Ne4 4. Bh4 d5 5. e3 Nd7 6. Bd3 Nef6 7. c3 e6 8. Nbd2
Bd6 9. O-O Qc7 10. Rc1 e5 11. dxe5 Nxe5 12. Nxe5 Bxe5 13. Nf3 Bg4 14. h3 Bh5
15. Re1 Ne4 16. g4 Bg6 17. Nxe5 Qxe5 18. Bb1 f5 19. Bxe4 Qxe4 20. f3 Qe6 21.
Qd4 O-O 22. Kg2 c5 23. Qd2 Rf7 24. Rf1 c4 25. Rcd1 fxg4 26. hxg4 Bd3 27. Rf2
Raf8 28. Re1 Rxf3 29. Rxf3 Qxg4+ 30. Rg3 Qxh4 31. Rh3 Be4+ 32. Kh2 Rf2+ 33. Kg1
Qg4+ 0-1

[Event "Accademia Cup"]
[Site "Roma ITA"]
[Date "1997.??.??"]
[Round "?"]
[White "Franchi, Jose' Maria"]
[Black "Buffoni, Luca"]
[Result "1-0"]
[WhiteElo "1846"]
[BlackElo "1699"]
[PlyCount "21"]
[EventDate "1997.??.??"]

1. d4 d5 2. Nf3 Nf6 3. Bg5 e6 4. Nbd2 Be7 5. e3 c5 6. c3 Nbd7 7. Bd3 b6 8. Qa4
O-O 9. Ne5 Nxe5 10. dxe5 Nd7 11. Qh4 1-0

[Event "Accademia Cup"]
[Site "Roma ITA"]
[Date "1997.??.??"]
[Round "?"]
[White "Franchi, Jose' Maria"]
[Black "Cellucci, Alessandro"]
[Result "0-1"]
[WhiteElo "1846"]
[BlackElo "1906"]
[PlyCount "102"]
[EventDate "1997.??.??"]

1. d4 d5 2. Nf3 e6 3. Bg5 Nf6 4. c3 Nbd7 5. Nbd2 Be7 6. e3 c5 7. Bd3 Qc7 8. O-O
a6 9. a4 b6 10. Re1 Bb7 11. h3 Rc8 12. Bf4 Bd6 13. Bxd6 Qxd6 14. e4 dxe4 15.
Nxe4 Nxe4 16. Bxe4 Bxe4 17. Rxe4 Nf6 18. Re1 O-O 19. dxc5 Qxc5 20. Qd4 Rfd8 21.
Qxc5 Rxc5 22. Rad1 Rcd5 23. Rxd5 Rxd5 24. Nd4 Kf8 25. Kf1 Nd7 26. Nc2 Nc5 27.
a5 bxa5 28. Ne3 Rd8 29. Rd1 Rxd1+ 30. Nxd1 Ke7 31. Ke2 Kd6 32. Kd2 a4 33. Kc2
f5 34. Ne3 Ne4 35. f3 Nc5 36. Nc4+ Kd5 37. Ne3+ Ke5 38. g3 f4 39. Nc4+ Kd5 40.
Nb6+ Kc6 41. Nxa4 Nxa4 42. gxf4 Nb6 43. Kd3 Kd6 44. c4 a5 45. Kd4 Nd7 46. h4 g6
47. Ke4 Kc5 48. Kd3 Nf6 49. Kc3 Nh5 50. Kd3 Nxf4+ 51. Ke4 Ng2 0-1